Plant communities of the volcanoes "Tláloc" and "Pelado", México (Registro nro. 10764)

Detalles MARC
000 -CABECERA
Campo de control 005360000a22001690004500
090 ## - CLASIFICACIÓN LOCAL
Colección AR
Consecutivo 01684
041 0# - IDIOMA
Código de idioma para texto/pista de sonido o título separado
100 1# - ASIENTO PRINCIPAL--NOMBRE PERSONAL
Nombre personal Velázquez, Alejandro
245 10 - MENCION DE TITULO
Título Plant communities of the volcanoes "Tláloc" and "Pelado", México
650 14 - ASIENTO SECUNDARIO DE MATERIA - TERMINO TEMATICO
Término temático o nombre geográfico como elemento de entrada Fitosociología
650 14 - ASIENTO SECUNDARIO DE MATERIA - TERMINO TEMATICO
Término temático o nombre geográfico como elemento de entrada Vegetación
650 14 - ASIENTO SECUNDARIO DE MATERIA - TERMINO TEMATICO
Término temático o nombre geográfico como elemento de entrada Ecología de comunidades
651 #4 - ASIENTO SECUNDARIO DE MATERIA - NOMBRE GEOGRAFICO
-- Parque Nacional Itza - Popo
-- México
700 1# - ASIENTO SECUNDARIO - NOMBRE PERSONAL
Nombre personal Cleef, Antoine M.
773 1# - Item fuente:
Título Phytocoenologia
Especificación de materiales 101
Descripción física 2
Paginas del Articulo 145-191
Lugar, editorial y fecha de publicación 1993
Información sobre la relación 22
942 ## - ELEMENTOS ADICIONALES (KOHA)
Tipo de ítem Artículo
Existencias
Withdrawn status Lost status Damaged status No para préstamo Colección Ubicación Permanente Ubicación actual Fecha de adquisición Fuente de Valor Datos de publicación Seriada Total Checkouts Número topográfico Inventario / Código de Barras Date last seen Ejemplar Price effective from Forma de adquisición Tipo de material
      No para Préstamo Hemeroteca Bogotá Bogotá 27/02/2015 Muñoz Saba, Yaneth Fuera de circulación   AR 01684 012049 25/03/2015 1 25/03/2015   Artículo